| 000 | 00541nam a22001937a 4500 | ||
|---|---|---|---|
| 003 | KOHA_MİRAKIL | ||
| 005 | 20241003053904.0 | ||
| 008 | 241002b2010 tu ||||| |||| 00| 0 tur d | ||
| 020 | _a9789752562004 | ||
| 040 |
_aTR-AnABB _btur _cTR-AnABB |
||
| 041 | _atur | ||
| 082 |
_a891.553 _bISF 2010 |
||
| 100 | 1 |
_aİsfendiyari, Eva _9435 |
|
| 245 | 1 | 0 |
_aKızım Süreyya / _cEva İsfendiyari. |
| 260 |
_aİstanbul : _bKaknüs Yayınları, _c2010. |
||
| 300 |
_a156 sayfa ; _c21 cm. |
||
| 650 |
_aİran edebiyatı, roman _9223 |
||
| 942 |
_2ddc _cBK |
||
| 999 |
_c7004 _d7004 |
||
| 900 | _bCan Çelik | ||